000
00297nam a22001337a 4500
003
OSt
005
20211228161616.0
008
211228b |||||||| |||| 00| 0 eng d
040
_c
HU
082
_a
005.4469
100
_a
WIN
_9
25830
245
_a
Unleash The of Windows 95!
942
_2
ddc
_c
BOOKS
_n
0
999
_c
24735
_d
24735